01477nam a22001937a 45000010005000000030006000050050017000110080041000280200018000690400029000870500019001160820012001351000026001472450066001732600040002393000058002795200911003376500035012488132FISKH20250827142207.0250827b cb ||||| |||| 00| 0 eng d a9781592238798 aFISKHbengcFISKHdFISKH aQL737.C432 G67 a 599.53 aGordon, David George  aUncover a Dolphin : bUncover books /cby David George Gordon aSan Diego : bSilver Books, c2008. a14 unnumbered pages : bcolor illustrations ; c30 cm aDid you know that dolphins drink milk? Or that some scientists believe dolphins' ancestors once walked on land? Today, there are 37 different kinds of dolphins, from the familiar bottlenose to some rare river-dwellers. Uncover the secrets of dolphins, layer by layer, in this unique book. Kids can plunge into weird and wild facts, cool illustrations, diagrams, and an amazing 3-D layered model of a bottlenose dolphin. With over 4 million copies in print, the Uncover It series combines the best elements of a book with 3-D layered models to help readers truly "uncover" the mysteries of what makes things work, providing a unique approach to learning. The series' three-dimensional presentation allows for in-depth exploration of each subject. Each title features colourful illustrations and a unique "model" that can be built and deconstructed, layer by layer, by simply turning the page. Ages 8 and up  aAnatomy vAnimals xBoard book